Chansons de SDM - Album À La Vie À La Mort - Statistiques

Statistiques générales
  • Ce quiz a été pris 33 fois
  • Le résultat moyen est 9 sur 14
Statistiques - réponses
Ordre dans l'album Chansons % Correct
06 Cartier Santos
93%
04 Pour elle
93%
13 Séquoia
79%
07 ALVALM
75%
03 Metallica
71%
10 Affranchis
68%
09 Merci
68%
08 Toka
64%
05 Jeux d'échecs
61%
02 Plus rien
57%
14 Dans la tête des gens
54%
01 Drago Malefoy
54%
12 J'y pense
50%
11 Maintenant ça va
46%
Aucun quiz correspondant
Distribution des résultats
% des personnes avec chaque résultat
Percentile par nombre de réponses
Votre historique - résultats
Vous n’avez pas pris ce quiz